MARC

LEADER 00000nam0a2200000 4500
001 298817
005 20231102001137.0
020 |a RU  |b 82-73744 
035 |a (RuTPU)RU\TPU\book\323967 
090 |a 298817 
100 |a 20150622d1982 km y0rusy5003 ca 
101 0 |a rus 
102 |a UA 
105 |a y z 001zb 
200 1 |a Дорогами нескончаемых битв. [о деятельности Ф. Э. Дзержинского на Украине в 1920-1921 гг.]  |f А. И. Куварзин 
210 |a Киев  |c Политиздат Украины  |d 1982 
215 |a 159 с. 
225 1 |a Люди и подвиги 
320 |a Библиогр.: с. 153-158 
600 1 |a Дзержинский  |g Феликс Эдмундович  |f 1877-1926  |c российский политический и государственный деятель  |b Ф. Э.  |2 stltpush  |3 (RuTPU)RU\TPU\pers\388 
606 1 |a Персоналии деятелей КПСС  |x История  |2 stltpush  |3 (RuTPU)RU\TPU\subj\48642  |9 67493 
610 1 |a Украинская ССР 
610 1 |a история 
610 1 |a политические деятели 
610 1 |a государственные деятели 
610 1 |a 20 век 
610 1 |a Гражданская война 1918-1921 
686 |a Ф61(2)8  |v LBC/SL-A  |2 rubbk 
700 1 |a Куварзин  |b А. И.  |g Анатолий Иванович  |4 070 
801 0 |a RU  |b RuMRKP  |c 19950704  |g psbo 
801 1 |a RU  |b 63413507  |c 20150622 
801 2 |a RU  |b 63413507  |c 20170728  |g RCR 
942 |c BK